Biggest Trading Partners - Croatia - Statistics

General Stats
  • This quiz has been taken 48 times
  • The average score is 17 of 19
Answer Stats
Exports Imports Country % Correct
3.01 bil 6.05 bil Germany
100%
3.02 bil 6.18 bil Italy
100%
2.49 bil 1.39 bil Bosnia and Herzegovina
98%
1.38 bil China
98%
1.55 bil 1.15 bil Serbia
98%
2.76 bil 4.89 bil Slovenia
98%
439 mil 1.03 bil Spain
98%
633 mil 1.15 bil United States
95%
382 mil Romania
93%
848 mil Slovakia
93%
629 mil 1.15 bil France
90%
413 mil 979 mil Czech Republic
88%
375 mil Montenegro
88%
345 mil Switzerland
88%
1.69 bil 2.73 bil Hungary
85%
607 mil 1.69 bil Poland
83%
1.38 bil 2.36 bil Austria
80%
400 mil 1.69 bil Netherlands
78%
759 mil Azerbaijan
20%
No matching quizzes found
Score Distribution
Percent of People with Each Score
Percentile by Number Answered
Your Score History
You have not taken this quiz